[Event "Turnier 40 / 120"]
[Site "Wien"]
[Date "2023.01.03"]
[Round "21"]
[White "Mephisto Atlanta SH7034 - 20 MHZ"]
[Black "Mephisto London 68000 - 12 MHZ"]
[Result "1/2-1/2"]
[BlackElo "2194"]
[WhiteElo "2192"]

{Analyse ----> Komodo 13.02.} 1. c4 e5 2. Nc3 Nf6 3. g3 Bb4 4. Nf3 Nc6 5.
Bg2 O-O 6. O-O Re8 7. Nd5 Nxd5 8. cxd5 Nd4 9. Ne1 {Buchende} c6 10. e3
{Buchbewertung Mephisto Atlanta: +0,2} Nb5 {Buchende} 11. a3 Bf8
{Buchbewertung Mephisto London 68000: -0,12 / lt. Komodo ist die Stellung
exakt im Lot 0,00} 12. dxc6 {ein schwacher Zug, deutlich besser ist d4,
Komodo -0,60} dxc6 13. d3 Be6 14. b3 f6 15. Bb2 Qb6 16. Qc2 Red8 17. Nf3
Nc7 18. Nd2 Bf5 19. Ne4 Be6 20. Nd2 Bf5 21. Ne4 Be6 22. Nd2
{Stellungswiederholung} 1/2-1/2
[/pgn]
[pgn]

[Event "Turnier 40 / 120"]
[Site "Wien"]
[Date "2023.01.03"]
[Round "22"]
[White "Mephisto London 68000 - 12 MHZ"]
[Black "Mephisto Atlanta SH7034 - 20 MHZ"]
[Result "1/2-1/2"]
[BlackElo "2192"]
[WhiteElo "2194"]

{Analyse ----> Komodo 13.02.} 1. e4 e5 2. Nf3 Nf6 3. Nxe5 d6 4. Nf3 Nxe4 5.
d4 d5 6. Bd3 Nc6 7. O-O Bg4 8. c4 Nf6 {Buchende} 9. cxd5 {Buchende} Nxd5
{Buchbewertung Mephisto Atlanta: -0,6 / besser ist der noch im Buch von
Mephisto London 68000 gespeicherte Zug 9. Lxf3} 10. Bb5 {Buchbewertung
Mephisto London 68000: +0,03 / auch nicht optimal, besser ist Te1+, lt.
Komodo steht Weiss knapp besser mit ca. +0,30} Qd6 11. Qe1+ Be7 12. Ne5 Bd7
13. Nc3 Nxe5 14. dxe5 Qe6 15. Bc4 Bc6 16. Bf4 Rd8 17. Rd1 O-O 18. Rd2 Bb4
{die Stellung ist im Lot} 19. Qd1 Nxc3? {ein schlechter Zug, danach ist
Weiss im Vorteil besser ist Lxc3 mit Ausgleich, Komodo -0,90} 20. Rxd8 Qxc4
21. bxc3 Qe4 22. Rxf8+ Bxf8 23. Qg4 h5 24. Qg5 Be7?? {ein schlechter Zug,
danach ist Weiss bereits klar im Vorteil, Komodo +1,10, deutlich besser ist
Ld5, danach wäre Weiss nur mit ca. +0,50 im Vorteil gewesen.} 25. f3 Bc5+
26. Kh1 Qe2 27. Qd8+ Kh7 28. Rd1?? {ein schlechter Zug, der den gesamten
Vorteil verschenkt, danach ist die Partie bereits Remis, Komodo 0,00 mit
der Fortsetzung Ld6, nötig war Dd1} Bd6! {richtig} 29. Rg1 Bc5 30. Rd1 Bd6
31. Rg1 Bc5 32. Rd1 {Stellungswiederholung} 1/2-1/2
[/pgn]
[pgn]

[Event "Turnier 40 / 120"]
[Site "Wien"]
[Date "2023.01.04"]
[Round "23"]
[White "Mephisto Atlanta SH7034 - 20 MHZ"]
[Black "Mephisto London 68000 - 12 MHZ"]
[Result "0-1"]
[BlackElo "2194"]
[WhiteElo "2192"]

1. d4 d5 2. g3 {Buchende} c5 3. dxc5 {Buchbewertung Mephisto Atlanta: 0,0}
e5 4. Bg2 Nf6 5. b4? {dieser Zug ist noch im Buch von Mephisto London
68000, trotzdem ein schlechter Zug, danach ist Schwarz etwas im Vorteil,
Komodo +0,60, deutlich besser ist c4 mit leichtem Vorteil für Weiss} a5
{Buchende} 6. Bb2 {auch nicht ideal, besser ist c3, Komodo -0,80} axb4
{Buchbewertung Mephisto London 68000: +0,06} 7. Bxe5 Bxc5 8. Bb2 O-O 9. Nf3
Nc6 10. O-O Bf5 11. Nbd2 Ne4 12. Nh4 Nxf2? {ein schlechter Zug, nach 12.
Lg4 wäre Schwarz mit ca. +0,70 im Vorteil gewesen, der Textzug kehrt die
Vorzeichen um, danach ist Weiss etwa mit +0,60 im Vorteil (büsst also ca.
1,3 Bauerneinheiten !! ein)} 13. Rxf2 Bxf2+ 14. Kxf2 Bg4 15. Nf1 {weniger
gut, verliert etwa 0,5 Bauerneinheiten gegenüber Lf3, Komodo +0,40 für
Weiss} d4? {ein schlechter Zug, der den Nachteil von Schwarz etwa
verdoppelt, Komodo -1,00, deutlich besser ist Db6+} 16. Nf3? {ein
schlechter Zug, der auf einen Bauerngewinn verzichtet, der wäre zu haben
gewesen mittels Lxc6, bxc6, Dxd4, Komodo +0,40} Re8 17. h3 Bxf3 18. exf3???
{ein Katastrophenzug !!! , einfach unfassbar, danach ist die Partie sofort
verloren, Komodo -7,00 !!! mit der Fortsetzung d3 und Weiss kann sofort die
Segel streichen, nötig war natürlich Lxf3} h5??? {doch Mephisto London
68000 antwortet ebenso mit einem Katastrophenzug, der den sofortigen Gewinn
wegwirft und den gesamten Vorteil auf einen Schlag verspielt, nach dem
Textzug ist die Stellung wieder im Lot} 19. f4 h4 20. Kg1 Qd6 21. Qh5 hxg3
22. Qg4 {besser ist Sxg3, Komodo -0,50} Qc5 23. Nxg3 Qxc2 24. Nh5 g6 25.
Nf6+?? {ein schlechter Zug, danach ist Schwarz bereits klar im Vorteil,
Komodo +1,10, nötig war Tf1 mit ca. +0,60 für Schwarz} Kf8? {ein schlechter
Zug, der den gesamten Vorteil verspielt, danach ist die Partie bereits
zwingend Remis, das könnte Weiss mittels Tf1 erzielen, nötig war Kg7} 26.
Bxd4??? {einfach nur absurd, ein völlig unverständlicher Verlustzug, danach
ist die Partie sofort verloren, die Gründe braucht man hier nicht mehr zu
schreiben, PROGRAMMFEHLER !!!} Nxd4 27. Qh4 Red8 {klar schwächer als Kg7,
aber natürlich völlig ausreichend hier gewinnt praktisch schon jede
plausible Fortsetzung, Komodo +2,70} 28. Qh8+ Ke7 29. Nd5+??? {ein
grottenschlechter Zug, der das Schicksal von Weiss besiegelt, Komodo -5,50,
deutlich mehr Widerstand leistet noch Dh4 mit ca. -3,00} Rxd5 30. Qxa8 Ne2+
31. Kf1 Rd1+ {ein schlechter Zug, der den Vorteil von Schwarz etwa halbiert
sofort gewonnen hätte Tf5 mit +6,00, aber auch der Textzug reicht natürlich
noch leicht zum Gewinn, Komodo +3,30} 32. Rxd1 Qxd1+ 33. Kf2 Nxf4 34. Qxb7+
Kf6 35. Kg3 Qd2 36. Qb6+ Kg7 37. Bf3 g5 38. Qc5 Ng6 39. Qd5??? {absurder
geht es nicht mehr, Komodo -10,00, dazu verweigere ich den Kommentar} Qf4+!
{sonnenklar} 40. Kg2 Nh4+ 41. Kf2 Qxf3+ {Rest geschenkt / eine ERBÄRMLICHE
Partie von Mephisto Atlanta, der jetzt in diesem Wettkampf schon sehr
enttäuscht und immer deutlicher zurückfällt, eine Vorentscheidung ?} 0-1
[/pgn]
[pgn]

[Event "Turnier 40 / 120"]
[Site "Wien"]
[Date "2023.01.05"]
[Round "24"]
[White "Mephisto London 68000 - 12 MHZ"]
[Black "Mephisto Atlanta SH7034 - 20 MHZ"]
[Result "1-0"]
[BlackElo "2192"]
[WhiteElo "2194"]

1. e4 e6 2. d4 d5 3. Nc3 Nf6 4. e5 Nfd7 5. f4 c5 6. Nf3 Nc6 7. Be3 cxd4 8.
Nxd4 Bc5 9. Qd2 {Buchende} O-O {Buchende} 10. Bb5 Nxd4 11. Bxd4 Be7 12. Qf2
a6 13. Be2 b5 14. O-O Qc7 15. Bd3 Bb7 16. Qg3 Nc5 17. f5 Nxd3 18. cxd3 exf5
19. Rxf5 Bc5 20. Qf2 Bxd4 21. Qxd4 Rae8 22. Re1 Qd8 23. Ref1 Re7 24. a3 Qd7
25. Rg5 g6 26. Qf4 d4 27. Ne2 Rd8 28. Kh1 Bc8 29. Qh4 Bb7??? {der
Verlustzug, danach ist die Partie bereits verloren} 30. Ng3 Qe6 31. Nf5
Red7 32. Nd6 Rxd6 33. exd6 Rxd6 34. Rc5 Qe2 35. Qf2 Qxf2 36. Rxf2 Re6 37.
h4 Re7 38. Rcc2 f5 39. Rf4 Rd7 40. a4 Kf7 41. axb5 axb5 42. Rc5 Ba6 43. Rc6
Bb7 44. Rb6 Bc8 45. Rxb5 {Weiss hat die Qualität und nun auch einen
Freibauern und übt Druck aus auf den schwachen Bauern d4, anders
ausgedrückt den Rest kann man sich schenken was ich hier auch tue /
neuerlich eine grottenschlechte Leistung von Atlanta, der Wettkampf ist
jetzt bereits als BLAMAGE zu bezeichnen und wird hier wohl entschieden
sein.} 1-0
[/pgn]
[pgn]

[Event "Turnier 40 / 120"]
[Site "Wien"]
[Date "2023.01.06"]
[Round "25"]
[White "Mephisto Atlanta SH7034 - 20 MHZ"]
[Black "Mephisto London 68000 - 12 MHZ"]
[Result "0-1"]
[BlackElo "2194"]
[WhiteElo "2192"]

1. c4 e5 2. Nc3 Nf6 3. g3 d5 4. cxd5 Nxd5 5. Bg2 Nb6 6. d3 Be7 {Buchende}
7. a3 O-O 8. Nf3 Nc6 9. O-O Be6 {Mephisto London 68000 wieder im Buch} 10.
b4 a5 11. b5 Nd4 12. Nd2 c6 13. bxc6 Nxc6 {Buchende} 14. Rb1 {Buchende} Ra6
15. Nf3 a4 16. Bb2 f6 17. Rc1 Ra8 18. e3 Qd7 19. Qe2 Rfd8 20. Rfd1 Rac8 21.
Ne4 Bg4 22. Qe1 Qf5 23. Nh4 Qe6 24. f3 Bh3 25. Bxh3 Qxh3 26. Ng2 Qe6 27.
Rd2 f5 28. Nf2 Qd5 29. f4 exf4 30. Nxf4 Qf7 31. Rcc2 Bd6 32. Qb1 Bxf4 33.
exf4 Qb3 34. Rc1 Nd4 35. Bxd4 Rxd4 36. Rxc8+ Nxc8 37. Qxb3+ axb3 38. Rb2
Nd6 39. Rxb3 Kf7 40. Nd1 Ke6 41. Kf2 Rd5 42. Ke3 Rb5 43. Rxb5 Nxb5 44. a4
Nc7 45. Kd4 Nd5 46. Nb2 h6 47. Nc4 Nf6 48. Na5 b6 49. Nc4 Nd7 50. h3 g5 51.
fxg5 hxg5 52. Nd2 f4 53. Ne4 Kf5 54. Kd5 Nf6+ 55. Nxf6??? {da erübrigt sich
einfach alles} fxg3 56. Nh5 g2 {Rest geschenkt / wieder verschenkt Atlanta
im Endspiel den ganzen Punkt, was der hier in diesem Wettkampf veranstaltet
ist einfach nur mehr peinlich !!!} 0-1
[/pgn]
[pgn]

[Event "Turnier 40 / 120"]
[Site "Wien"]
[Date "2023.01.07"]
[Round "26"]
[White "Mephisto London 68000 - 12 MHZ"]
[Black "Mephisto Atlanta SH7034 - 20 MHZ"]
[Result "1/2-1/2"]
[BlackElo "2192"]
[WhiteElo "2194"]

1. d4 d5 2. c4 e6 3. Nc3 Nf6 4. Nf3 c6 5. e3 Nbd7 6. a3 Bd6 7. Bd3 O-O 8.
O-O dxc4 9. Bxc4 e5 {Buchende} 10. h3 {Buchende} exd4 11. Qxd4 Nb6 12. Bb3
Qe7 13. Qd3 Be6 14. Bxe6 fxe6 15. e4 Rad8 16. Qc2 Nbd7 17. Be3 a6 18. Ne2
c5 19. Rfd1 b5??? 20. a4! b4??? {verloren !} 21. Rac1 Rfe8 22. Nf4! Rf8???
{ein Verlustzug !!!, nur a5 hätte noch etwas Widerstand geleistet} 23. e5
Nxe5 24. Ng5 Rd7 25. Nfxe6 Rc8 26. f4 Nf7 27. Qb3?? {ein ganz schlechter
Zug, der Schwarz wieder ins Spiel bringt, nach Dc4 wäre alles erledigt
gewesen} c4 28. Rxc4 Rxc4 29. Qxc4 Bxf4 30. Re1 Bxe3+ 31. Rxe3 a5 32. Nxf7
Qxf7 33. Qc5 Rd5 34. Qc8+ Qe8 35. Qc7 Qd7 36. Qb8+ Qe8 37. Qa7 Qd7 38. Qb8+
Qe8 39. Qc7 Qf7 40. Qb8+ Qe8 {Stellungswiederholung} 1/2-1/2
[/pgn]
[pgn]

[Event "Turnier 40 / 120"]
[Site "Wien"]
[Date "2023.01.07"]
[Round "27"]
[White "Mephisto Atlanta SH7034 - 20 MHZ"]
[Black "Mephisto London 68000 - 12 MHZ"]
[Result "1/2-1/2"]
[BlackElo "2194"]
[WhiteElo "2192"]

1. d4 d5 2. c4 dxc4 3. Nf3 Nf6 4. e3 Bg4 5. Bxc4 e6 6. h3 Bh5 7. Nc3 a6 8.
O-O Nc6 9. Be2 {Buchende} Bd6 {Buchende} 10. Qb3 Rb8 11. Rd1 O-O 12. e4 Be7
13. d5 exd5 14. Nxd5 Qe8 15. Nxc7 Qc8 16. Nd5 Nxd5 17. exd5 Na5 18. Qd3 Bd6
19. Bd2 Bxf3 20. Qxf3 Nc4 21. Bf4 Qf5 22. Bxd6 Qxf3 23. Bxf3 Nxd6 24. Rac1
Rbc8 25. Kh2 g6 26. b4 Rfe8 27. a3 Kg7 28. Kg3 Kf6 29. Kf4 g5+ 30. Kg3 h6
31. Rc5 Kg6 32. Kh2 f6 33. Rxc8 Rxc8 34. Re1 Rc7 35. a4 Nf7 36. Re6 Rd7 37.
g4 Nd8 38. Re2 Rd6 39. Kg3 f5 40. gxf5+ Kxf5 41. Re8 Kf6 42. Be4 Nf7 43. a5
b6 44. f4 bxa5 45. bxa5 Nd8 46. fxg5+ hxg5 47. Kg4 Nb7 48. Rf8+ Ke5 49.
Bh1! Nxa5 50. Kxg5 Nc4 51. h4 Rd7 52. Re8+ Kd4 53. h5 Rg7+ 54. Kf4 Rh7 55.
Bf3 a5 56. Ra8 Rf7+ 57. Kg3 Rf6 58. Ra7 Rd6 59. Bg2 Rf6 60. Bh1 Rf5 61. Bf3
Nd2 62. Bg2 Rxh5 63. Rxa5 {Userentscheid: Remis, Schwarz kann jederzeit den
Springer für den letzten Bauern geben und somit ist es nicht mehr zu
gewinnen / Atlanta stand praktisch während des gesamten Mittelspieles klar
auf Gewinn und verabsäumte es bei mindestens 1/2 Dutzend Gelegenheiten den
Vorteil auszubauen, was bleibt ist ein Endspiel mit einem Mehrbauern, das
ebenfalls an zahlreichen Stellen klar gewonnen ist, aber Atlanta kann
offenbar keine Partie mehr gewinnen, egal wie schlecht sein Gegner spielt,
der hat hier in der Tat einiges angeboten, eine schlechte Partie von
Mephisto London 68000, aber sein Gegner ist nicht fähig das zu bestrafen,
verschenkter halber Punkt !!} 1/2-1/2
[/pgn]
[pgn]

[Event "Turnier 40 / 120"]
[Site "Wien"]
[Date "2023.01.07"]
[Round "28"]
[White "Mephisto London 68000 - 12 MHZ"]
[Black "Mephisto Atlanta SH 7034 - 20 MHZ"]
[Result "0-1"]
[BlackElo "2192"]
[WhiteElo "2194"]

1. e4 e5 2. Nf3 Nf6 3. d4 exd4 4. e5 Ne4 5. Qxd4 d5 6. exd6 Nxd6 7. Nc3 Nc6
8. Qf4 g6 9. Bd3 Bg7 10. Be3 {Buchende} O-O 11. O-O Be6 {Buchende} 12. Bc5
{Buchzug / Buchende} Qd7 13. Ng5 Rfe8 14. Rfe1 Bf5 15. Bxf5 Nxf5 16. Red1
Ncd4 17. Nge4 Rad8 18. Bxd4 Nxd4 19. Nf6+ Bxf6 20. Qxf6 Qd6 21. Qxd6 Rxd6
22. Re1 Rxe1+ 23. Rxe1 Kf8 24. f3 Nxc2 25. Re2 Nd4 26. Re3 f5 27. Kf2 Kf7
28. Re5 c6 29. f4 h6 30. g3 Rd8 31. Ra5 a6 32. Re5 Kf6 33. h4 b5 34. Ke3 a5
35. Rc5 Rd6 36. Nb1 a4 37. Rc1 Ke6 38. Rc5 Rd5 39. Rc1 c5 40. Nc3 Rd6 41.
Nd1 Kd5 42. Nc3+ Kc6 43. Kf2 Ne6 44. Rd1 Rxd1 45. Nxd1 Kd5 46. Ke2 Nd4+ 47.
Ke3 b4 48. Kf2 c4 49. a3 bxa3 50. Nc3+ Kc5 51. bxa3 Nc2 52. Ke2 Nxa3 53.
Nxa4+ Kb4 54. Nb6 Kb3 55. Nd7 c3 56. Nc5+ Kb2 57. Na4+ Kc2 58. Ke3 Nb5 59.
Ke2 Kb1 60. Nxc3+ Nxc3+ {Rest geschenkt / Eine Partie mit Ausnahme,
Mephisto Atlanta absolviert ein ordentliches Endspiel und fährt den Sieg
sicher ein} 0-1
[/pgn]
[pgn]

[Event "Turnier 40 / 120"]
[Site "Wien"]
[Date "2023.01.09"]
[Round "29"]
[White "Mephisto Atlanta SH7034 - 20 MHZ"]
[Black "Mephisto London 68000 - 12 MHZ"]
[Result "1-0"]
[BlackElo "2194"]
[WhiteElo "2192"]

1. e4 Nf6 2. e5 Nd5 3. d4 d6 4. c4 Nb6 5. exd6 exd6 6. Nc3 Be7 7. Bd3 Nc6
8. Nge2 O-O 9. O-O Bf6 {Buchende} 10. Be3 Nb4 11. b3 Nxd3 12. Qxd3 Bd7 13.
Rad1 {Buchende} Re8 14. Rfe1 c6 15. d5 c5 16. Ne4 Bf5 17. N2g3 Bg6 18.
Nxf6+ Qxf6 19. Qd2 h6 20. Ne2 Nd7 21. Nf4 Ne5 22. Nxg6 Qxg6 23. Kh1 Nd7 24.
Bf4 Nf6 25. Bxd6 Ne4 26. Rxe4 Qxe4 27. Bxc5 b6 28. Be3 Rad8 29. a3 Rd6 30.
Qd4 Qc2 31. Qd3 Qb2 32. b4 Rd7 33. h3 Qf6 34. Qb3 Qf5 35. a4 Qe4 36. c5
bxc5 37. bxc5 Rc7 38. c6 Rec8 39. Bd2 a6 40. Be3 Rf8 41. Bxh6 Rcc8 42. Qg3
Qh7 43. Be3 Qc2 44. Rc1 Qe4 45. d6 Rxc6 46. Rxc6 Qxc6 47. Bh6 g6 48. Qa3
Rd8 49. Qb2 f6 50. Qxf6 Rd7 51. Qxg6+ Kh8 52. Bf4 Rg7 53. Be5 Qc1+ 54. Kh2
Qf4+ 55. Qg3 Qxg3+ {Mephisto London 68000: -11,6 ----> / eine starke
Angriffspartie von Mephisto Atlanta} 1-0
[/pgn]
[pgn]

[Event "Turnier 40 / 120"]
[Site "Wien"]
[Date "2023.01.09"]
[Round "30"]
[White "Mephisto London 68000 - 12 MHZ"]
[Black "Mephisto Atlanta SH7034 - 20 MHZ"]
[Result "1/2-1/2"]
[BlackElo "2192"]
[WhiteElo "2194"]

1. e4 c6 2. d4 d5 3. Nc3 dxe4 4. Nxe4 Bf5 5. Ng3 Bg6 6. Bc4 e6 {Buchende}
7. h4 h6 8. N1e2 {Buchende} Bd6 9. Bf4 Be7 10. h5 Bh7 11. Bd3 Bxd3 12. Qxd3
Nf6 13. c4 Nbd7 14. Nc3 Qa5 15. O-O-O O-O-O 16. Qc2 Nb6 17. Qb3 Qb4 18.
Qxb4 Bxb4 19. c5 Nc4 20. Nce4 Nd5 21. Nd6+ Nxd6 22. Bxd6 Ba5 23. Ne4 Rd7
24. Be5 Bc7 25. Kb1 Bxe5 26. dxe5 Kc7 27. Nd6 b6 28. Rh4 bxc5 29. Rc1 f6
30. Ra4 Ra8 31. Ne4 fxe5 32. Rxc5 Nb6 33. Ra6 Rd5 34. Rc1 Rd4 35. f3 Rc4
36. Re1 Nd7 37. b3 Rb4 38. Rc1 Rb6 39. Ra5 a6 40. Kb2 Rb5 41. Ra4 Nb6 42.
Ra3 Nd5 43. Kb1 a5 44. Ra4 Rb4 45. Nc5 Kd6 46. Ne4+ Kd7 47. Nc5+ Ke7 48.
Rxb4 axb4 49. Ne4 Kd7 50. Nc5+ Kd6 51. Ne4+ Kc7 52. Rc4 Ra5 53. g3 Ra8 54.
Kb2 Rf8 55. Nd2 Rd8 56. Ne4 Rd7 57. Nc5 Rf7 58. Nxe6+ Kd7 59. Nc5+ Kd6 60.
Ne4+ Kc7 61. Nd2 Rd7 62. Ne4 Rf7 63. Nd2 Rd7 64. Ne4 Rf7
{Stellungswiederholung} 1/2-1/2
[/pgn]
[pgn]

[Event "Turnier 40 / 120"]
[Site "Wien"]
[Date "2022.09.06"]
[Round "31"]
[White "Mephisto Atlanta SH7034 - 20 MHZ"]
[Black "Mephisto London 68000 - 12 MHZ"]
[Result "1-0"]
[BlackElo "2194"]
[WhiteElo "2192"]

1. e4 Nf6 2. e5 Nd5 3. d4 d6 4. c4 Nb6 5. exd6 cxd6 6. Nc3 {Buchende} g6 7.
c5 {ein bemerkenswerter Zug in der Hinsicht, dass Atlanta nicht gleich
Magellan ist, der spielte in dieser Eröffnung 7. Sf3 und verlor damals
gegen Mephisto London 68000, mal sehen, ob es Atlanta besser macht.} dxc5
8. dxc5 Qxd1+ 9. Kxd1 N6d7 10. Nd5 Kd8 11. Bf4 Nc6 12. Bc7+ Ke8 13. Bg3 Kd8
14. Nf3 Bg7 15. Bb5 Bxb2 16. Rb1 Bg7 17. Bc7+ Ke8 18. Re1 Kf8 19. Bxc6 bxc6
20. Nxe7 Bc3 21. Re3 Bf6 22. Nxc6 Kg7 23. Bd6 h6 24. h3 Ba6 25. Ra3 Bc4 26.
Rb7 Bd5 27. Rxd7 Bxc6 28. Rdxa7 Rxa7 29. Rxa7 Re8 30. a4 Bxf3+? {danach ist
die Partie klar verloren, deutlich mehr Widerstand leistet noch Te4} 31.
gxf3 Bd4 32. Rb7 Rc8 33. Rb5 Bxf2 34. a5 Rc6 35. Ke2 Bd4 36. Kd3 Bf2 37.
Kc4 Ra6 38. Rb7 Be1 39. Be5+ Kh7 40. Rxf7+ Kg8 41. Rg7+ Kf8 42. Rb7 Ke8 43.
Kd5 Rxa5 44. Ke6 Ra8 45. c6 Kf8 46. Bd6+ Kg8 47. c7 Re8+ 48. Kd7 Kf7 49.
Rb8 Ba5 50. Rxe8 Bxc7 51. Bxc7 g5 52. Be5 Kg6 53. Rg8+ {Mephisto Atlanta:
Mattankündigung in 5} Kf5 54. Kd6 h5 55. Kd5 h4 56. Rg7 g4 57. fxg4# 1-0
[/pgn]
[pgn]

[Event "Turnier 40 / 120"]
[Site "Wien"]
[Date "2023.01.11"]
[Round "32"]
[White "Mephisto London 68000 - 12 MHZ"]
[Black "Mephisto Atlanta SH7034 - 20 MHZ"]
[Result "1/2-1/2"]
[BlackElo "2192"]
[WhiteElo "2194"]

1. d4 Nf6 2. c4 e6 3. Nc3 Bb4 4. Qc2 c5 5. dxc5 O-O {Buchende} 6. a3 Bxc5
7. Nf3 Nc6 8. Bg5 {Buchende} h6 9. Bh4 Be7 10. e3 d6 11. Bd3 b6 12. O-O g5
13. Bg3 Nh5 14. Be4 Bb7 15. Rad1 f5 16. Bxc6 Bxc6 17. Nd4 Qd7 18. f3 Nxg3
19. hxg3 Bf6 20. g4 Rad8 21. Nxc6 Qxc6 22. gxf5 exf5 23. Qxf5 Bxc3 24. Qe6+
Kg7 25. bxc3 Rfe8 26. Qg4 Rxe3 27. Qd4+ Re5 28. Rfe1 Qc5 29. Kh1 Re8 30.
Rxe5 dxe5 31. Qxc5 bxc5 32. Rd7+ Kf6 33. Rxa7 e4 34. Ra6+ Kf5 35. Kg1 exf3
36. gxf3 Re3 37. Rxh6 Rxc3 38. a4 Rxc4 39. a5 Rc2 40. a6 Kf4 41. Rf6+ Kg3
42. Kf1 Ra2 43. Ke1 c4 44. Kd1 Kf2 45. Kc1 c3 46. Rc6 Ke2 47. Kb1 Rb2+ 48.
Kc1 Ra2 49. Kb1 Rb2+ 50. Kc1 Ra2 {Stellungswiederholung} 1/2-1/2
[/pgn]
[pgn]

[Event "Turnier 40 / 120"]
[Site "Wien"]
[Date "2023.01.12"]
[Round "33"]
[White "Mephisto Atlanta SH7034 - 20 MHZ"]
[Black "Mephisto London 68000 - 12 MHZ"]
[Result "1-0"]
[BlackElo "2194"]
[WhiteElo "2192"]

1. c4 e5 2. Nc3 Nf6 3. g3 Bb4 4. Nf3 Nc6 5. Bg2 O-O 6. O-O e4 7. Ng5 Bxc3
8. bxc3 Re8 {Buchende} 9. d3 {Buchende} exd3 10. exd3 h6 11. Nf3 d5 12.
cxd5 Nxd5 13. Bb2 Bf5 14. Re1 Qd7 15. Qd2 Rad8 16. c4 Ndb4 17. Rxe8+ Rxe8
18. Qc3 f6 19. Ne1 Bh3 20. d4 Bxg2 21. Kxg2 Qf5 22. Qd2 Qe4+ 23. Kg1 Rd8
24. f3 Qe7 25. a3 Na6 26. Nc2 Qc5 27. Qc3 Qh5 28. Re1 Qg6 29. Re3 Rd7 30.
d5 Ne5 31. f4 Ng4 32. Re2 Nc5 33. Qf3 f5 34. Nd4 Qh5 35. Ba1? a6 36. Nc2
Qh3 37. Bb2 Ne4 38. Nd4 Ngf6 39. Qb3 Nc5 40. Qe3 Nfe4 41. Nf3 Qh5 42. Bd4
b6 43. Bxc5 Nxc5? {ein spielentscheidender Fehler, danach ist die Partie
verloren, nötig war bxc5} 44. Qe8+ Qxe8 45. Rxe8+ Kf7 46. Ra8 Kf6 47. Ne5
Rd6 48. Rf8+ Ke7 49. Rf7+ Ke8 50. Rxc7 Ne4 51. Rxg7 b5 52. Rh7 bxc4 53.
Nxc4 Rf6 54. Ra7 Kf8 55. Kg2 Kg8 56. Kf3 h5 57. Ke3 h4 58. gxh4 Rh6 59. Kd4
Kf8 60. Ne3 Nd6 61. Ke5 Nf7+ 62. Kxf5 Rxh4 63. Rxa6 Rxh2 {Rest geschenkt}
1-0
[/pgn]
[pgn]

[Event "Turnier 40 / 120"]
[Site "Wien"]
[Date "2023.01.12"]
[Round "34"]
[White "Mephisto Londo 68000 - 12 MHZ"]
[Black "Mephisto Atlanta SH7034 - 20 MHZ"]
[Result "1-0"]
[BlackElo "2192"]
[WhiteElo "2194"]

1. d4 d5 2. c4 dxc4 3. Nf3 a6 4. e3 b5 5. a4 Bb7 6. b3 e6 7. bxc4 bxc4 8.
Bxc4 Nd7 9. O-O Ngf6 {Buchende} 10. Nbd2 c5 11. Ba3 {Buchende} cxd4 12.
Bxf8 Rxf8??? {das ist natürlich ganz schlecht, natürlich 12.Sxf8 und die
Rochade ist gerettet, nach dem Textzug steht Weiss klar besser (auch
Mephisto London 68000 hätte Txf8 gespielt, unverständlich)} 13. Nxd4 Ne5
14. Qb3 Qc7?? {danach ist alles aus, Weiss ist bereits mit +3,00 im
Vorteil, mehr Widerstand leistet noch Tb8} 15. Rfc1 Nxc4 16. Rxc4 Qd7 17.
Qc2 Rc8 18. Rxc8+ Qxc8 19. Qxc8+??? {ein Katastrophenzug, der nahezu den
gesamten Vorteil verschenkt, der Damentausch in dieser Situation ist
natürlich eine Erlösung für Schwarz, damit wird natürlich die Stellung
entschärft und das Problem der nicht möglichen Rochade ist plötzlich keines
mehr für Schwarz, ganz schwach !!} Bxc8 20. Rc1 Kd7 21. N2b3 Ke7 22. Rc7+
Nd7 23. g4 g6 24. a5 e5 25. Nf3 Kd6 26. Ra7 f6 27. Kg2? {verliert die
Partie, nötig war Se1, nach dem Textzug geht die Qualität verloren, nach
Kc6, gefolgt von Lb7, Kc7 usw.} Rd8? {so aber nicht, danach ist die
Stellung wieder im Lot} 28. g5 h6 29. gxh6 Rh8 30. Nfd2 Rxh6 31. Ne4+ Kc6
32. Nbd2 f5 33. Ng5 Rh4 34. Nf7 Rg4+ 35. Kf3 Ra4 36. Nd8+ Kd6 37. Ke2 Nb8
38. Rg7 {die Stellung ist im Lot} Bd7 39. Rxg6+ Kc7? {ein schlechter Zug,
danach ist Weiss klar im Vorteil, nach Ke7 wäre das Remis bereits sicher
gewesen} 40. Ne6+ Bxe6 41. Rxe6 Rxa5 42. h4 Nc6 43. h5 Ra2??? {ein
sinnloser Tempoverlust, der die Partie sofort verliert, Atlanta verwirft
leider im letzten Moment den richtigen Zug Ta1, danach wäre noch Kampf um
das Remis möglich, nach dem Textzug ist alles aus, Weiss ist bereits mit
+4,00 im Vorteil !} 44. Rf6? {nicht konsequent, weit schwächer als h6,
allerdings sollte auch das zum Sieg reichen, Weiss ist noch mit ca. +2,00
im Vorteil} Na5 45. Rxa6 Kb7 46. h6! {richtig} Kxa6 47. h7 Nc4 48. h8=Q
Rxd2+ 49. Ke1 f4 50. exf4 exf4 51. Qf6+ Kb5 52. Qxf4 Kc5 53. Qc7+ Kd4???
{wohl der endgültige Verlustzug, danach ist die Partie sofort verloren, f4
und alles ist erledigt, deutlich mehr Widerstand leistet Kd5, danach wäre
ein Gewinn lt. Top Engines noch schwierig} 54. f4! {na klar} Rc2? {dieses
Endspiel überfordert Atlanta, das ist mein letzter Kommentar, hier ist noch
Td3 weit besser} 55. Qa7+ Kd3 56. Qh7+ Kc3 57. Qg7+ Kd3 58. Qg6+ Kc3 59.
Qe4 Nb2 60. Qc6+ Kd3 61. Qe6 Kd4 62. Qd6+ Kc3 63. Qf6+ Kc4 64. Qf7+ Kd4 65.
Qa7+ Kc4 66. f5 Nd3+ 67. Kf1 {Rest geschenkt} 1-0
[/pgn]
[pgn]